|
|
|
|
| LEADER |
00988nam a22002775a 4500 |
| 001 |
TVCDKTCT82247 |
| 005 |
20160223153150.8 |
| 008 |
120718s2012 inu 000 0 eng |
| 980 |
\ |
\ |
|a Thư viện Trường CĐ Kỹ Thuật Cao Thắng
|
| 024 |
|
|
|a RG_1 #1 eb0
|
| 010 |
|
|
|a 2012944694
|
| 020 |
|
|
|a 1118311833 (pbk : alk. paper)
|
| 020 |
|
|
|a 9781118311837 (pbk : alk. paper)
|
| 040 |
|
|
|a DLC
|c DLC
|
| 042 |
|
|
|a pcc
|
| 082 |
|
# |
|a 658.8.
|b SM103L
|
| 100 |
1 |
|
|a Schenck, Barbara Au.
|
| 245 |
1 |
0 |
|a Small business marketing kit for dummies, 3rd edition /
|c Barbara Schenck, Bill Evjen, Morgan Skinner.
|
| 250 |
|
|
|a 1st ed.
|
| 260 |
|
|
|a Indianapolis, IN :
|b Wiley Pub., Inc.,
|c 2012.
|
| 263 |
|
|
|a 1208
|
| 300 |
|
|
|a p. cm.
|
| 906 |
|
|
|a 0
|b ibc
|c orignew
|d 2
|e epcn
|f 20
|g y-gencatlg
|
| 925 |
0 |
|
|a acquire
|b 2 shelf copies
|x policy default
|
| 955 |
|
|
|a pc24 2012-07-18
|
| 963 |
|
|
|a Laura Sommerville; phone: (317) 572-3165; email: lsommerv@wiley.com; bc: jblaudow@wiley.com
|